Ace, King, Queen, or Jack? Quiz Stats

 Plays Quiz Updated Sep 20, 2018

Score 0/40 Timer 05:00
4 Plays Today
Question Answer Wrong Answers
_____ and Jill
Classic children's nursery rhyme; not so classic Adam Sandler film
Jack
95%
Ace
0.1%
King
0.3%
Queen
0.1%
Burger _____
Home of the Whopper
King
94.8%
Ace
0.1%
Queen
0.3%
Jack
0.3%
_____-in-the-Box
Classic children's crank toy
Jack
94.6%
Ace
0.4%
King
0.4%
Queen
0.1%
_____ the Ripper
Unknown murderer in Victorian London
Jack
94.6%
Ace
0.3%
King
0.3%
Queen
0.2%
_____ of the Jungle
Common nickname for lions
King
94.1%
Ace
0.2%
Queen
0.7%
Jack
0.6%
Hit the Road _____
Classic Ray Charles song
Jack
93.8%
Ace
0.7%
King
0.6%
Queen
0.3%
Dancing _____
Signature ABBA song
Queen
93.8%
Ace
0.5%
King
0.7%
Jack
0.5%
Black_____
Popular gambling card game
Jack
93.5%
Ace
1.1%
King
0.4%
Queen
0.6%
_____ Ventura: Pet Detective
Jim Carrey movie
Ace
93.4%
King
0.5%
Queen
0.5%
Jack
1.2%
_____ of the Hill
Long-running (former) Fox animated series
King
93.3%
Ace
0.4%
Queen
0.8%
Jack
1%
You Don't Know _____
Humorous computer trivia game
Jack
92.8%
Ace
1.7%
King
0.5%
Queen
0.3%
Jumpin' _____ Flash
Classic Rolling Stones song
Jack
92.3%
Ace
1.4%
King
1%
Queen
0.7%
The _____ of Beers
Slogan for Budweiser
King
92.1%
Ace
1.8%
Queen
0.9%
Jack
0.7%
Captain _____
Billy Joel song
Jack
92.1%
Ace
1.7%
King
1.3%
Queen
0.4%
Steve Mc_____
'The Great Escape' star or '12 Years a Slave' director
Queen
92%
Ace
0.6%
King
2.4%
Jack
0.5%
_____ of _____s
Superlative often applied to Jesus Christ
King
91.8%
Ace
2.1%
Queen
0.8%
Jack
0.8%
Nat _____ Cole
'Unforgettable' singer
King
91.4%
Ace
1.3%
Queen
1.1%
Jack
1.7%
_____ Anne's Lace
Flowering plant, also known as the wild carrot
Queen
91.4%
Ace
1.6%
King
1.4%
Jack
0.9%
_____ Solomon's Mines
H. Rider Haggard adventure novel
King
91.3%
Ace
0.9%
Queen
1%
Jack
2.2%
_____ of the Road
1965 Roger Miller song
King
90.9%
Ace
1%
Queen
1.8%
Jack
1.6%
The _____'s Speech
Best Picture Oscar winner
King
90.5%
Ace
0.4%
Queen
4.2%
Jack
0.3%
_____ of All Trades
Person competent in many skills
Jack
89.8%
Ace
2.9%
King
2.5%
Queen
0.3%
God Save the _____
Sex Pistols song and royal anthem of the UK
Queen
89.4%
Ace
0.2%
King
5.8%
Jack
0.1%
The Once and Future _____
Epithet for Arthur Pendragon
King
88.4%
Ace
1.3%
Queen
4.7%
Jack
0.8%
Flying _____
Military aviator noted for shooting down multiple enemies
Ace
87.1%
King
1.6%
Queen
1.4%
Jack
5.3%
_____ in the Hole
Information kept secret until necessary to use it
Ace
87%
King
0.9%
Queen
0.4%
Jack
7%
_____sland
State of Australia
Queen
86.6%
Ace
1.3%
King
6.5%
Jack
1%
_____ Pitcher
Baseball team's most trusted starting pitcher
Ace
85%
King
5.7%
Queen
0.5%
Jack
4.3%
_____ of Base
'The Sign' band from the 1990s
Ace
84.1%
King
7.5%
Queen
2.5%
Jack
1.2%
_____ Hardware
Popular hardware store chain
Ace
83.4%
King
7.1%
Queen
0.8%
Jack
4%
Wolfman _____
American disc jockey Robert Weston Smith
Jack
81.7%
Ace
4%
King
8.4%
Queen
1.1%
The African _____
C.S. Forester novel and a Bogart and Hepburn film classic
Queen
80.7%
Ace
0.8%
King
13.4%
Jack
0.6%
_____ of Spades
Motörhead song
Ace
77.4%
King
7.7%
Queen
6.2%
Jack
4.2%
_____ of the Night
Whitney Houston song or 'The Magic Flute' character
Queen
75.8%
Ace
1.3%
King
16.2%
Jack
1.9%
_____ Attorney
Legal-themed video game series starring Phoenix Wright
Ace
74.9%
King
9.8%
Queen
3.5%
Jack
6.7%
The _____ of the Damned
Anne Rice novel; film adaptation starred Aaliyah
Queen
73.6%
Ace
2.1%
King
18.5%
Jack
1%
Killer _____
'Dynamite with a laser beam...guaranteed to blow your mind'
Queen
71.2%
Ace
11.6%
King
6.2%
Jack
6.2%
Space _____
Don Bluth animated laserdisc game
Ace
63.6%
King
18.7%
Queen
7.3%
Jack
5.5%
_____ of Cakes
Former Duff Goldman cake-decorating reality series
Ace
58.3%
King
22.2%
Queen
14%
Jack
0.9%
_____ City
Term used to describe a city that is larger than its region's capital
Queen
41%
Ace
5.9%
King
34.4%
Jack
13.9%

You're not logged in!

Compare scores with friends on all Sporcle quizzes.
OR
Log In

You Might Also Like...

Show Comments

Extras

Top Quizzes Today


Score Distribution

Your Account Isn't Verified!

In order to create a playlist on Sporcle, you need to verify the email address you used during registration. Go to your Sporcle Settings to finish the process.

Report this User

Report this user for behavior that violates our Community Guidelines.

Details: